00465cam a2200157ua 45000010005000000080039000050400009000440820008000531000028000612450071000892500009001602600038001693000023002076530014002306530063002442978110920n ii |||gr||||Z||||||asm cMAIN a9201 aGogoi, Mausam,eEditor.11aSonali saichar chei: Dr. Prahlad Kumar Baruahced. by Mausam Gogoi a1st. aDhemaji:bKiron Prakashan,c2006. a312p:bill;c23cm. aBiography aBiography of Sonali saichar chei: Dr. Prahlad Kumar Baruah